| 000 | 00939cam a22002295a 4500 | ||
|---|---|---|---|
| 999 |
_c27343 _d27314 |
||
| 005 | 20190508111624.0 | ||
| 008 | 121205t2013 enka frb 001 0 eng d | ||
| 020 | _z9780273731016 | ||
| 040 |
_aIDEBK _beng _cIDEBK _dOCLCO _dOCLCF _dOCLCO _dOCLCQ _dCDX _dS3O _dOCLCQ _dYDX _dN$T _dOCLCQ _dUk _dEG-ScBUE _dEG-ScBUE |
||
| 082 | 0 | 4 |
_a150.15195 _bMAY _222 |
| 100 | 1 | _aMayers, Andrew. | |
| 245 | 1 | 0 |
_aIntroduction to statistics and SPSS in psychology / _cAndrew Mayers. |
| 260 |
_aHarlow : _bPearson Education, _cc.2013. |
||
| 300 |
_axiii, 611 p. : _bill. (some col.) ; _c28 cm. |
||
| 504 | _aIncludes bibliographical references and index. | ||
| 520 | _aAn interactive guide to statistics, this text takes readers on a journey through their degree course from beginning to end. | ||
| 650 | 7 |
_aPsychometrics. _2BUEsh _94480 |
|
| 650 | 7 |
_aPsychology _xStatistical methods. _2BUEsh _939934 |
|
| 651 | _2BUEsh | ||
| 653 |
_bHHUUPPSS _cApril2019 |
||
| 942 | _2ddc | ||